Shark and other sea creatures dictionary : (Record no. 648)

MARC details
000 -LEADER
fixed length control field 01134nam a22003137a 4500
005 - DATE AND TIME OF LATEST TRANSACTION
control field 20230926095059.0
020 ## - INTERNATIONAL STANDARD BOOK NUMBER
International Standard Book Number 0439461332
040 ## - CATALOGING SOURCE
Original cataloging agency MGI
Transcribing agency MGI
Modifying agency DLC
Language of cataloging eng
050 00 - LIBRARY OF CONGRESS CALL NUMBER
Classification number QL638.9
Item number .T95 2002
082 00 - DEWEY DECIMAL CLASSIFICATION NUMBER
Classification number 591.77
Edition number 22
100 1# - MAIN ENTRY--PERSONAL NAME
Personal name Twist, Clint.
245 10 - TITLE STATEMENT
Title Shark and other sea creatures dictionary :
Remainder of title an A to Z of sea life /
Statement of responsibility, etc. [author: Clint Twist].
250 ## - EDITION STATEMENT
Edition statement This edition produce in 2010 for Scholastic Inc.
260 ## - PUBLICATION, DISTRIBUTION, ETC.
Place of publication, distribution, etc. New York :
Name of publisher, distributor, etc. Scholastic ,
Date of publication, distribution, etc. 2010 .
300 ## - PHYSICAL DESCRIPTION
Extent 64 pages :
Other physical details color illustrations ;
Dimensions 25 cm.
500 ## - GENERAL NOTE
General note Originally published: Abingdon [England] : Andromeda Oxford, 2002.
500 ## - GENERAL NOTE
General note Includes index.
505 ## - FORMATTED CONTENTS NOTE
Formatted contents note K <br/>
520 ## - SUMMARY, ETC.
Summary, etc. Introduces young readers to the ferocious underwater world of sharks and other dangerous sea creatures.
521 ## - TARGET AUDIENCE NOTE
Target audience note 550 <br/>
Source Lexile estimate
521 ## - TARGET AUDIENCE NOTE
Target audience note K <br/>
Source Raz-Plus <br/>
650 #0 - SUBJECT ADDED ENTRY--TOPICAL TERM
Topical term or geographic name entry element Sharks
Form subdivision Dictionaries, Juvenile.
650 #0 - SUBJECT ADDED ENTRY--TOPICAL TERM
Topical term or geographic name entry element Marine animals
Form subdivision Dictionaries, Juvenile.
650 #1 - SUBJECT ADDED ENTRY--TOPICAL TERM
Topical term or geographic name entry element Sharks
Form subdivision Dictionaries.
650 #1 - SUBJECT ADDED ENTRY--TOPICAL TERM
Topical term or geographic name entry element Marine animals
Form subdivision Dictionaries.
906 ## - LOCAL DATA ELEMENT F, LDF (RLIN)
a 7
b cbc
c copycat
d 2
e ncip
f 20
g y-gencatlg
942 ## - ADDED ENTRY ELEMENTS (KOHA)
Source of classification or shelving scheme Dewey Decimal Classification
Koha item type Books
Suppress in OPAC No
999 ## -
-- 648
-- 648
Holdings
Withdrawn status Lost status Source of classification or shelving scheme Damaged status Not for loan Collection Home library Current library Shelving location Date acquired Total Checkouts Full call number Barcode Date last seen Date last checked out Price effective from Koha item type
    Dewey Decimal Classification     Non-Fiction Footprints International School Library Network Toul Kork Campus Footprints International School Library Network Toul Kork Campus TK Primary Library Room(4th Floor), Bookcase 3&4, Shelves 17-32, Yellow Books 06/28/2023 5 TWI QL638.T95 FISTK02133 06/05/2025 03/13/2025 06/28/2023 Books